| 000 | 00847nam a2200265Ia 4500 | ||
|---|---|---|---|
| 003 | OSt | ||
| 005 | 20220925204914.0 | ||
| 006 | a|||||r|||| 00| 0 | ||
| 007 | ta | ||
| 008 | 220923b |||||||| |||| 00| 0 eng d | ||
| 037 | _cGeneral Book | ||
| 040 |
_aRTL _cRTL _beng |
||
| 041 |
_2eng _aeng |
||
| 082 | _aY49(J).611.N7, L2 | ||
| 100 |
_aVan Hekken P M _9269244 |
||
| 245 | 0 |
_aLand scarcity and rural inequality in Tanzania _b Some Case Studies from Rungwe Disrrict |
|
| 260 |
_aHague _bMouton _c1972 |
||
| 300 |
_a127p _ccm. |
||
| 490 | _aCommunications Series.3 | ||
| 500 | _aBibliography: p 126-127; Appendix: p 119-125 | ||
| 650 | _aPeasants | ||
| 700 |
_a Van Velzen H.U.E.hoden _9269245 |
||
| 942 |
_hY49(J).611.N7, L2 _cGB _2CC |
||
| 999 |
_c550749 _d550749 |
||